00760nam a22002057a 4500999001900000005001700019010001500036020002600051035001400077037001300091082001600104245005500120250001100175260004700186270011600233300003000349700002200379942003000401952012300431 c195616d19561620230406163042.0 aENG-136642 c995.00a9788173055492 aEN-120174 bDBAD/PUB a726.145095400aThe Architecture Of The Hindus/cEdited By Ram Raz aFirst  bAryan Books InternationalaNew Delhic2016 bNew Delhie110002aPooja Apartments, 4B, Ansari Road k23287589k23255799l91-11-23270385maryanbooks@gmail.com axv,vpp.;c28cm(hbk)bill. aRaz, Ram eEditor 2ddccENmARCh726.1450954 001040708REFaLbLd2023-04-06eDBAD/PUBg995.00l0o726.1450954 ARCpEN-120174r2023-04-06 00:00:00t1v995.00yEN